<?xml version="1.0" encoding="UTF-8"?>
<record
    xmlns:xsi="http://www.w3.org/2001/XMLSchema-instance"
    xsi:schemaLocation="http://www.loc.gov/MARC21/slim http://www.loc.gov/standards/marcxml/schema/MARC21slim.xsd"
    xmlns="http://www.loc.gov/MARC21/slim">

  <leader>00892nas a22002057a 4500</leader>
  <controlfield tag="003">NALT</controlfield>
  <controlfield tag="005">20211007142034.0</controlfield>
  <controlfield tag="008">170828b        xxu||||| |||| 00| 0 tha d</controlfield>
  <datafield tag="040" ind1=" " ind2=" ">
    <subfield code="a">NALT</subfield>
  </datafield>
  <datafield tag="041" ind1="0" ind2=" ">
    <subfield code="a">tha</subfield>
  </datafield>
  <datafield tag="245" ind1="1" ind2="0">
    <subfield code="a">GREEN NETWORK</subfield>
  </datafield>
  <datafield tag="260" ind1="3" ind2=" ">
    <subfield code="a">&#xE01;&#xE23;&#xE38;&#xE07;&#xE40;&#xE17;&#xE1E;&#xE2F; : </subfield>
    <subfield code="b">&#xE1A;&#xE23;&#xE34;&#xE29;&#xE31;&#xE17; &#xE40;&#xE17;&#xE04;&#xE42;&#xE19;&#xE42;&#xE25;&#xE22;&#xE35; &#xE21;&#xE35;&#xE40;&#xE14;&#xE35;&#xE22; &#xE08;&#xE33;&#xE01;&#xE31;&#xE14;</subfield>
  </datafield>
  <datafield tag="310" ind1=" " ind2=" ">
    <subfield code="a">&#xE23;&#xE32;&#xE22;&#xE2A;&#xE2D;&#xE07;&#xE40;&#xE14;&#xE37;&#xE2D;&#xE19;</subfield>
  </datafield>
  <datafield tag="500" ind1=" " ind2=" ">
    <subfield code="a">&#xE40;&#xE1C;&#xE22;&#xE41;&#xE1E;&#xE23;&#xE48;&#xE43;&#xE19;&#xE23;&#xE39;&#xE1B;&#xE41;&#xE1A;&#xE1A;&#xE27;&#xE32;&#xE23;&#xE2A;&#xE32;&#xE23;&#xE2D;&#xE34;&#xE40;&#xE25;&#xE47;&#xE01;&#xE17;&#xE23;&#xE2D;&#xE19;&#xE34;&#xE01;&#xE2A;&#xE4C;&#xE15;&#xE31;&#xE49;&#xE07;&#xE41;&#xE15;&#xE48;&#xE40;&#xE14;&#xE37;&#xE2D;&#xE19;&#xE21;&#xE35;&#xE19;&#xE32;&#xE04;&#xE21; 2563</subfield>
  </datafield>
  <datafield tag="850" ind1=" " ind2=" ">
    <subfield code="a">NALT</subfield>
  </datafield>
  <datafield tag="856" ind1=" " ind2=" ">
    <subfield code="u">https://www.greennetworkthailand.com/</subfield>
  </datafield>
  <datafield tag="866" ind1="3" ind2="1">
    <subfield code="a">&#xE1B;&#xE35; &#xE1E;.&#xE28;. 2562 &#xE09;&#xE1A;&#xE31;&#xE1A;&#xE17;&#xE35;&#xE48; 91-96 (&#xE21;.&#xE04;.-&#xE18;.&#xE04;. 2562), &#xE1B;&#xE35; &#xE1E;.&#xE28;. 2563 &#xE09;&#xE1A;&#xE31;&#xE1A;&#xE17;&#xE35;&#xE48; 97 (&#xE21;.&#xE04;.-&#xE01;.&#xE1E;. 2563)</subfield>
  </datafield>
  <datafield tag="942" ind1=" " ind2=" ">
    <subfield code="c">JNR</subfield>
    <subfield code="2">lcc</subfield>
    <subfield code="0">2</subfield>
  </datafield>
  <datafield tag="998" ind1=" " ind2=" ">
    <subfield code="b">34</subfield>
    <subfield code="d">2017-03-29 10:07:23.883</subfield>
    <subfield code="j">755</subfield>
    <subfield code="k"> &#xE08;&#xE34;&#xE19;&#xE15;&#xE19;&#xE32; &#xE40;&#xE2D;&#xE35;&#xE48;&#xE22;&#xE21;&#xE04;&#xE07;</subfield>
  </datafield>
  <datafield tag="999" ind1=" " ind2=" ">
    <subfield code="c">91942</subfield>
    <subfield code="d">91942</subfield>
  </datafield>
</record>
